000 00542nam a2200169Ia 4500
008 090201s9999 xx 000 0 und d
010 _aKPL-49675
040 _bमराठी
041 _aमराठी
082 _a51362
_b49675
100 _aगो ना दातार
245 _aकालीका मूर्ती
_cगो ना दातार
260 _c2007
_bश्रीराम बुक एजन्सी
300 _a495
_bमोठा
600 _aकालीका मूर्ती
942 _cBOOK
999 _c247845
_d247845